000 00481nam a2200181Ia 4500
005 20250507125816.0
008 008 250505s9999 xx 000 0 kor d
020 _a8809178078086
037 _aAudio
040 _aEASL
_beng
_cEASL
041 _akor
_2eng
084 _aCD00334-336
_qEASL
245 0 _aTongvangshinqi’the 3rd Asia tour concert’ = K-pop
490 _vV. 2
650 _aKorean
942 _cAUD
_hCD00334-336
999 _c1313334
_d1313334